000 01793nam0a2200325 4500
001 RU\NLR\BIBL_A\022702072
005 20260123105226.0
010 _a978-5-295-08221-4
_9500
021 _aRU
_bКН-П-25-062129
_9КН-П-25-6006
035 _a(NLR Aleph) 022702072
090 _a13536252
_c13536252
100 _a20260116d2025 b y0rusy50 ca
101 0 _atat
102 _aRU
105 _aac z 000 y
181 0 _ai
_baxxe
182 0 _an
200 1 _aКүкеле сәгать
_e[балалар өчен шигырьләр]
_fКлара Сәфәрова
_g[рәссамы Марат Гайнетдинов]
203 _aТекст
_bвизуальный
_cнепосредственный
210 _aУфа
_cКитап
_d2025
215 _a94,[1] б.
_cпортр., цв. ил.
_d22
423 0 _12001#$aҮсәсе килә$e[балалар өчен шигырьләр, әкиятләр]$fРәлиф Шәгали
_1210##$aУфа$d2025
_1215##$aС. 35-93$cпортр., цв. ил.
_1300##$aВ вып. дан. авт.: Ралиф Шагали (Шагалиев Ралиф Имамразыевич)
_1700#1$aШәгали$bР.$f1957-$gРәлиф
_1702#1$aГайнетдинов$bМ.$gМарат$4440
_15411#$aХочу расти$e[стихи для детей, сказки].$zrus$6z01790
_16891#$aШ9(2)6=Татар я44
_1790#1$aШагали$bР.$gРалиф$4070$6z01541
541 1 _6z01790
_aЧасы с кукушкой
_e[стихи для детей].
_zrus
686 1 _aШ9(2)6=Татар-5
700 1 _aСәфәрова
_bК. М. кызы
_f1953-
_gКлара Мисбах кызы
_4070
702 1 _aГайнетдинов
_bМ.
_gМарат
_4440
790 1 _6z01541
_aСафарова
_bК. М.
_gКлара Мисбаховна
_4070
942 _cBOOK
980 _aNB